| 000 | 00504pab a2200193 454500 | ||
|---|---|---|---|
| 008 | 180718b2009 xxu||||| |||| 00| 0 eng d | ||
| 100 | _aHooda, R.C. | ||
| 245 | _aHigher education in new world trade order in the age of globalization - a conceptual study | ||
| 260 | _c2009 | ||
| 300 | _ap.14-18,28. | ||
| 362 | _a5 Jan | ||
| 650 | _aGlobalization | ||
| 650 | _aHigher education | ||
| 700 | _aRajendra Kumar | ||
| 700 | _aNivedita | ||
| 773 | _aUniversity News | ||
| 908 | _aN | ||
| 909 | _a80576 | ||
| 999 |
_c80576 _d80576 |
||